| 000 | 00458nam a2200157Ia 4500 | ||
|---|---|---|---|
| 999 |
_c602 _d602 |
||
| 003 | OSt | ||
| 005 | 20190927182916.0 | ||
| 008 | 190722s9999 xx 000 0 und d | ||
| 020 | _a978-9332584730 | ||
| 040 | _cmaju | ||
| 100 | _aHelen Deresky | ||
| 245 | 0 | _aInternational Management (Managing Across Borders and Cultures) Text & Cases | |
| 260 |
_aNew Delhi _bDorling Kindersley Pvt. Ltd. Publishing Pearson Ed. Ltd. _c2015 |
||
| 300 | _a401 | ||
| 942 |
_cBK _2ddc |
||